000 00677nam a2200229Ia 4500
003 OSt
005 20220923220948.0
006 a|||||r|||| 00| 0
007 ta
008 220922b |||||||| |||| 00| 0 hin d
024 _a192,862
037 _cTextual
040 _aARTS
_cARTS
_bhin
041 _2hin
_ahin
082 _aV2:1:D7, 152K2
100 _aघोष, नगेन्द्रनाथ
245 0 _aभारत का प्राचीन इतिहास
246 _aBhārat kā prāchīn itihāsa
260 _c1962
942 _hV2:1:D7, 152K2
_cTEXL
_2CC
999 _c345383
_d345383